[Event "FIDE Open World Blitz 2021"]
[Site "Warsaw"]
[Date "2021.12.29"]
[Round "3.19"]
[White "Sadhwani, Raunak"]
[Black "Jakubowski, Krzysztof"]
[Result "1-0"]
[WhiteElo "2562"]
[BlackElo "2373"]
[Annotator "ChessBase"]
[PlyCount "135"]
[EventDate "2021.12.29"]
[EventType "swiss"]
[EventCountry "POL"]
[Tiebreak "Cut1 Buchholz"]
[SourceTitle "playchess.com"]
[Source "ChessBase"]
[SourceQuality "1"]

1. e4 c5 2. Nf3 e6 3. d4 cxd4 4. Nxd4 Nc6 5. Nc3 Qc7 6. Qd3 Nf6 7. Ndb5 Qb8 8.
Qg3 d6 9. Be3 a6 10. Nd4 Bd7 11. f3 h5 12. O-O-O b5 13. Nxc6 Bxc6 14. Bd3 Nd7
15. Kb1 Ne5 16. Ne2 h4 17. Qf2 Be7 18. Nd4 Bb7 19. Be2 Qc7 20. g4 Rc8 21. g5 g6
22. Bc1 h3 23. Rhe1 Nc6 24. Nxc6 Bxc6 25. Bd3 d5 26. exd5 Bxd5 27. Be4 Bxe4 28.
Rxe4 Bc5 29. Qe2 O-O 30. f4 Rfd8 31. Rf1 Rd5 32. Rf3 Bf8 33. Rxh3 Rcd8 34. Rf3
Bg7 35. Rf1 a5 36. h4 a4 37. a3 Qc5 38. h5 gxh5 39. g6 fxg6 40. Rxe6 R5d6 41.
f5 gxf5 42. Re7 Rg6 43. Rb7 Qd5 44. Rxb5 Qe4 45. Qxh5 Rg2 46. Qxf5 Qxf5 47.
Rbxf5 Rb8 48. R5f2 Rg3 49. Ka2 Rc8 50. c3 Rc4 51. Rf4 Rg4 52. Rxc4 Rxc4 53. Kb1
Rg4 54. Bd2 Rg2 55. Kc1 Rg4 56. Kc2 Be5 57. Kd3 Rg2 58. Re1 Bf6 59. Re2 Rg4 60.
Re4 Rg3+ 61. Kc2 Rg2 62. Rxa4 Bg5 63. Rd4 Kf7 64. a4 Ke6 65. a5 Bf6 66. Rd3 Rg1
67. b4 Be5 68. Be3 1-0

[Event "FIDE Open World Blitz 2021"]
[Site "Warsaw"]
[Date "2021.12.29"]
[Round "3.20"]
[White "Corrales Jimenez, Fidel"]
[Black "Gdanski, Jacek"]
[Result "1-0"]
[WhiteElo "2523"]
[BlackElo "2367"]
[Annotator "ChessBase"]
[PlyCount "87"]
[EventDate "2021.12.29"]
[EventType "swiss"]
[EventCountry "POL"]
[Tiebreak "Cut1 Buchholz"]
[SourceTitle "playchess.com"]
[Source "ChessBase"]
[SourceQuality "1"]

1. d4 Nf6 2. c4 c5 3. d5 d6 4. Nc3 g6 5. e4 Bg7 6. Bd3 e6 7. Nf3 exd5 8. cxd5
Bg4 9. h3 Bxf3 10. Qxf3 O-O 11. O-O a6 12. a4 Nbd7 13. Bc2 Re8 14. a5 b5 15.
axb6 Qxb6 16. Ra4 a5 17. Qd1 Qb8 18. f4 Nb6 19. Ra2 Nfd7 20. Kh2 a4 21. Nxa4
Nf6 22. Re1 Nxa4 23. e5 Nb6 24. Rxa8 Qxa8 25. exf6 Rxe1 26. Qxe1 Bxf6 27. Be4
Qa2 28. Bf3 Kg7 29. Qe2 Qb1 30. Be3 Qxb2 31. Qa6 Bd4 32. Bxd4+ cxd4 33. f5 Qb4
34. Be4 Nc4 35. Qc8 Nd2 36. Bd3 Qc3 37. f6+ Kxf6 38. Qd8+ Kg7 39. Ba6 Qa5 40.
Qxd6 Ne4 41. Qe5+ Nf6 42. Bc4 Qc5 43. Ba2 d3 44. Bb3 1-0

[Event "FIDE Open World Blitz 2021"]
[Site "Warsaw"]
[Date "2021.12.29"]
[Round "3.20"]
[White "Dudin, Gleb"]
[Black "Rapport, Richard"]
[Result "1-0"]
[WhiteElo "2339"]
[BlackElo "2763"]
[Annotator "ChessBase"]
[PlyCount "83"]
[EventDate "2021.12.29"]
[EventType "swiss"]
[EventCountry "POL"]
[Tiebreak "Cut1 Buchholz"]
[SourceTitle "playchess.com"]
[Source "ChessBase"]
[SourceQuality "1"]

1. d4 Nf6 2. c4 g6 3. Nc3 Bg7 4. e4 d6 5. Be2 O-O 6. Be3 Na6 7. h4 h5 8. Nf3 c5
9. d5 Nc7 10. Ng5 e6 11. e5 dxe5 12. Bxc5 Re8 13. d6 Na6 14. Ba3 Bd7 15. O-O
Qa5 16. Qd2 Rac8 17. Rfd1 Nc5 18. Qe3 b6 19. Rac1 e4 20. Ngxe4 Ncxe4 21. Nxe4
Ng4 22. Bxg4 hxg4 23. Qg5 Qf5 24. Qxf5 exf5 25. Nc3 Rxc4 26. Nd5 Rxc1 27. Rxc1
Bd4 28. Rd1 Bg7 29. Rc1 Kh7 30. Ne7 Bd4 31. Rc7 Be6 32. Nc6 Bf6 33. d7 Bxd7 34.
Rxd7 Re1+ 35. Kh2 Bxh4 36. g3 Bg5 37. Rxf7+ Kg8 38. Rxa7 Re2 39. Kg1 f4 40.
gxf4 Bh4 41. Ne7+ Kf7 42. Nf5+ 1-0

[Event "FIDE Open World Blitz 2021"]
[Site "Warsaw"]
[Date "2021.12.29"]
[Round "3.21"]
[White "Korobov, Anton"]
[Black "Oparin, Grigoriy"]
[Result "0-1"]
[WhiteElo "2684"]
[BlackElo "2580"]
[Annotator "ChessBase"]
[PlyCount "91"]
[EventDate "2021.12.29"]
[EventType "swiss"]
[EventCountry "POL"]
[Tiebreak "Cut1 Buchholz"]
[SourceTitle "playchess.com"]
[Source "ChessBase"]
[SourceQuality "1"]

1. d4 Nf6 2. c4 e6 3. Nc3 Bb4 4. e3 O-O 5. Nge2 d5 6. a3 Bd6 7. c5 Be7 8. b4 b6
9. Ng3 a5 10. Bd2 c6 11. Be2 Ba6 12. O-O Bc4 13. Bxc4 dxc4 14. Na4 Nbd7 15.
cxb6 axb4 16. b7 Rb8 17. axb4 Rxb7 18. Nc5 Nxc5 19. bxc5 Qd5 20. Bc3 h5 21. f3
h4 22. e4 Qg5 23. Bd2 Qg6 24. Ne2 Rd8 25. Ra6 e5 26. Rxc6 exd4 27. e5 Qf5 28.
exf6 Bxc5 29. Kh1 Qd5 30. Ra6 c3 31. fxg7 Qc4 32. Rh6 c2 33. Qe1 d3 34. Rxh4
dxe2 35. Rg1 Rb1 36. Bc3 f6 37. Rh8+ Kxg7 38. Qg3+ Kf7 39. Rh7+ Ke6 40. Qh3+
Kd6 41. Qg3+ Kd5 42. Be1 c1=Q 43. Qc7 Rd6 44. Qf7+ Kd4 45. Rh4+ Kd3 46. Qg6+
0-1

[Event "FIDE Open World Blitz 2021"]
[Site "Warsaw"]
[Date "2021.12.29"]
[Round "3.21"]
[White "Kanarek, Marcel"]
[Black "Berchtenbreiter, Maximilian"]
[Result "0-1"]
[WhiteElo "2342"]
[BlackElo "2506"]
[Annotator "ChessBase"]
[PlyCount "110"]
[EventDate "2021.12.29"]
[EventType "swiss"]
[EventCountry "POL"]
[Tiebreak "Cut1 Buchholz"]
[SourceTitle "playchess.com"]
[Source "ChessBase"]
[SourceQuality "1"]

1. e4 g6 2. d4 c6 3. Nc3 d5 4. e5 h5 5. g3 Nh6 6. h3 b6 7. Bg2 Nf5 8. Bg5 Bg7
9. Nf3 Na6 10. Qd2 Nc7 11. O-O-O Ne6 12. g4 Nxg5 13. Nxg5 Nh4 14. f4 hxg4 15.
e6 Bxe6 16. Nxe6 fxe6 17. hxg4 Qd6 18. Bf1 O-O-O 19. Qf2 g5 20. fxg5 Rdf8 21.
Qe3 Qf4 22. Qxf4 Rxf4 23. Ne2 Rxg4 24. Bh3 Re4 25. Nc3 Rxd4 26. Rxd4 Bxd4 27.
Bxe6+ Kc7 28. Kd1 Be3 29. Bxd5 Bxg5 30. Be4 Bf6 31. Ke2 Bxc3 32. bxc3 Ng6 33.
Rg1 Ne5 34. Rg7 Kd6 35. Rg2 Rh4 36. Bd3 a5 37. Ke3 Ra4 38. Rg1 Rxa2 39. c4 Ra4
40. Rb1 Kc5 41. Re1 Nxc4+ 42. Bxc4 Rxc4 43. Kd3 Rd4+ 44. Kc3 Rd7 45. Kb3 b5 46.
Kc3 a4 47. Re5+ Kb6 48. Re4 c5 49. Re6+ Ka5 50. Rc6 Rd5 51. Re6 Rd4 52. Rxe7
b4+ 53. Kb2 Kb5 54. Rb7+ Kc4 55. Rh7 a3+ 0-1

[Event "FIDE Open World Blitz 2021"]
[Site "Warsaw"]
[Date "2021.12.29"]
[Round "3.22"]
[White "Ponkratov, Pavel"]
[Black "Theodorou, Nikolas"]
[Result "0-1"]
[WhiteElo "2662"]
[BlackElo "2351"]
[Annotator "ChessBase"]
[PlyCount "88"]
[EventDate "2021.12.29"]
[EventType "swiss"]
[EventCountry "POL"]
[Tiebreak "Cut1 Buchholz"]
[SourceTitle "playchess.com"]
[Source "ChessBase"]
[SourceQuality "1"]

1. c4 Nf6 2. Nc3 g6 3. d4 Bg7 4. e4 d6 5. f4 O-O 6. Nf3 c5 7. d5 e6 8. dxe6
fxe6 9. Bd3 b6 10. O-O Bb7 11. Qe1 Nc6 12. Ng5 Qd7 13. Qh4 h6 14. Nf3 Rae8 15.
Bd2 Nh5 16. f5 Ne5 17. fxg6 Nxd3 18. Qxh5 Nxb2 19. Bxh6 Bxh6 20. Qxh6 Qg7 21.
Qh5 Rf6 22. Nh4 Ref8 23. Rxf6 Rxf6 24. Nb5 Nxc4 25. Rc1 Bxe4 26. h3 Bxg6 27.
Qg5 d5 28. Nc7 Bf7 29. Nf3 Qxg5 30. Nxg5 Ne3 31. Nb5 a6 32. Nc7 a5 33. Na8 d4
34. Nxb6 Rg6 35. Rxc5 d3 36. Ne4 Rxg2+ 37. Kh1 Bg6 38. Nd7 Kg7 39. Rc7 Bxe4 40.
Nc5+ Kg6 41. Nxe4 Rxa2 42. Rd7 Nd5 43. Rd6 Kf5 44. Ng3+ Ke5 0-1

[Event "FIDE Open World Blitz 2021"]
[Site "Warsaw"]
[Date "2021.12.29"]
[Round "3.22"]
[White "Nihal Sarin"]
[Black "Ter-Sahakyan, Samvel"]
[Result "0-1"]
[WhiteElo "2650"]
[BlackElo "2565"]
[Annotator "ChessBase"]
[PlyCount "116"]
[EventDate "2021.12.29"]
[EventType "swiss"]
[EventCountry "POL"]
[Tiebreak "Cut1 Buchholz"]
[SourceTitle "playchess.com"]
[Source "ChessBase"]
[SourceQuality "1"]

1. d4 Nf6 2. Nf3 d5 3. c3 c6 4. Bg5 Ne4 5. Bh4 Bf5 6. Nbd2 Nd7 7. e3 Qb6 8. Qb3
e6 9. Nxe4 Bxe4 10. Nd2 Bg6 11. Bg3 Be7 12. Be2 a5 13. a4 O-O 14. O-O h6 15.
Rfc1 Rfc8 16. h3 Bd8 17. Bd6 Qxb3 18. Nxb3 f6 19. Kf1 Bf7 20. Ke1 Bc7 21. Bxc7
Rxc7 22. Nd2 e5 23. Nf3 Re8 24. Kd2 g5 25. b4 Ra8 26. Ne1 Kf8 27. Nd3 Bg6 28.
Nc5 Ke7 29. h4 b6 30. Na6 Rca7 31. b5 cxb5 32. axb5 Rd8 33. hxg5 hxg5 34. Rh1
Kf7 35. Bh5 Nb8 36. Be2 Nd7 37. Rh6 Kg7 38. Rh2 Rf8 39. g3 Nb8 40. f4 exd4 41.
exd4 Re7 42. Rah1 Rfe8 43. Bd1 Nxa6 44. bxa6 Ra7 45. Be2 Be4 46. Rf1 b5 47.
Bxb5 Rb8 48. fxg5 Rxb5 49. gxf6+ Kg6 50. Ke3 Rc7 51. Rh8 Rxc3+ 52. Kf4 Rc7 53.
Ke5 Rb6 54. Rg8+ Kh7 55. Rg4 Rc8 56. f7 Rf8 57. a7 Ra6 58. Rf2 Bg6 0-1

[Event "FIDE Open World Blitz 2021"]
[Site "Warsaw"]
[Date "2021.12.29"]
[Round "3.23"]
[White "Alekseenko, Kirill"]
[Black "Mastrovasilis, Dimitrios"]
[Result "1-0"]
[WhiteElo "2710"]
[BlackElo "2577"]
[Annotator "ChessBase"]
[PlyCount "53"]
[EventDate "2021.12.29"]
[EventType "swiss"]
[EventCountry "POL"]
[Tiebreak "Cut1 Buchholz"]
[SourceTitle "playchess.com"]
[Source "ChessBase"]
[SourceQuality "1"]

1. e4 d5 2. exd5 Qxd5 3. Nc3 Qd6 4. d4 Nf6 5. Nf3 Bg4 6. h3 Bh5 7. g4 Bg6 8.
Ne5 Nbd7 9. Nxg6 hxg6 10. Bg2 c6 11. Be3 Nd5 12. Nxd5 cxd5 13. O-O e6 14. c4
dxc4 15. Qf3 Qc7 16. Rac1 Bd6 17. b3 c3 18. Bd2 Rb8 19. Rxc3 Qd8 20. Rd3 O-O
21. g5 Nb6 22. h4 Nd5 23. h5 gxh5 24. Qxh5 g6 25. Qh6 Nf4 26. Bxf4 Bxf4 27. Rh3
1-0

[Event "FIDE Open World Blitz 2021"]
[Site "Warsaw"]
[Date "2021.12.29"]
[Round "3.23"]
[White "Saric, Ivan"]
[Black "Samunenkov, Ihor"]
[Result "1-0"]
[WhiteElo "2665"]
[BlackElo "2348"]
[Annotator "ChessBase"]
[PlyCount "57"]
[EventDate "2021.12.29"]
[EventType "swiss"]
[EventCountry "POL"]
[Tiebreak "Cut1 Buchholz"]
[SourceTitle "playchess.com"]
[Source "ChessBase"]
[SourceQuality "1"]

1. e4 c6 2. Nc3 d5 3. Nf3 dxe4 4. Nxe4 Nf6 5. Qe2 Nxe4 6. Qxe4 Qa5 7. Qf4 Qf5
8. Qe3 Qxc2 9. Bd3 Qa4 10. O-O Na6 11. Ne5 Be6 12. b3 Qa5 13. Bb2 Qc7 14. Rac1
Nb4 15. Be4 Nd5 16. Qf3 Rd8 17. Rfe1 Qd6 18. h4 Nf6 19. Nc4 Bxc4 20. Rxc4 Nxe4
21. Rcxe4 e6 22. Bc3 Qd5 23. h5 h6 24. Qg4 Rg8 25. Rd4 Qg5 26. Rxe6+ Be7 27.
Rxe7+ Kxe7 28. Qe4+ Kf8 29. Bb4+ 1-0

[Event "FIDE Open World Blitz 2021"]
[Site "Warsaw"]
[Date "2021.12.29"]
[Round "3.24"]
[White "Dragnev, Valentin"]
[Black "Ghaem Maghami, Ehsan"]
[Result "0-1"]
[WhiteElo "2396"]
[BlackElo "2520"]
[Annotator "ChessBase"]
[PlyCount "108"]
[EventDate "2021.12.29"]
[EventType "swiss"]
[EventCountry "POL"]
[Tiebreak "Cut1 Buchholz"]
[SourceTitle "playchess.com"]
[Source "ChessBase"]
[SourceQuality "1"]

1. e4 c5 2. Nf3 e6 3. d4 cxd4 4. Nxd4 a6 5. a3 Nf6 6. Nc3 Qc7 7. Be3 b5 8. Bd3
Bb7 9. O-O Be7 10. f4 d6 11. Qe1 Nbd7 12. Qg3 Nc5 13. e5 Nh5 14. Qf2 O-O 15. g4
Nxf4 16. Bxf4 dxe5 17. Bg3 Bd6 18. Nf3 e4 19. Bxd6 Qxd6 20. Be2 exf3 21. Bxf3
Bxf3 22. Qxf3 Rac8 23. Rad1 Qb6 24. Kg2 b4 25. axb4 Qxb4 26. Rb1 Na4 27. Nxa4
Rxc2+ 28. Kh1 Qxa4 29. Rbd1 h6 30. b3 Qc6 31. Ra1 Qxf3+ 32. Rxf3 Rd8 33. Kg1
Rdd2 34. h3 f6 35. Rxa6 e5 36. Ra1 Rh2 37. Re1 Rcg2+ 38. Kf1 Rb2 39. Kg1 Kh7
40. Rd1 Kg6 41. Re1 Rbg2+ 42. Kf1 Rb2 43. Kg1 Rhg2+ 44. Kf1 h5 45. gxh5+ Kxh5
46. Ree3 Rgc2 47. Re1 Rh2 48. Kg1 Rbg2+ 49. Kf1 Rd2 50. Kg1 Kh6 51. Rb1 e4 52.
Rf4 Rdg2+ 53. Kf1 e3 54. Re1 e2+ 0-1

[Event "FIDE Open World Blitz 2021"]
[Site "Warsaw"]
[Date "2021.12.29"]
[Round "3.24"]
[White "Babazada, Khazar"]
[Black "Quparadze, Giga"]
[Result "0-1"]
[WhiteElo "2302"]
[BlackElo "2475"]
[Annotator "ChessBase"]
[PlyCount "78"]
[EventDate "2021.12.29"]
[EventType "swiss"]
[EventCountry "POL"]
[Tiebreak "Cut1 Buchholz"]
[SourceTitle "playchess.com"]
[Source "ChessBase"]
[SourceQuality "1"]

1. e4 c5 2. Nf3 e6 3. c3 d5 4. exd5 Qd7 5. d6 Qxd6 6. Bd3 Qd5 7. Bb5+ Bd7 8.
Qe2 Nf6 9. O-O Bxb5 10. Qxb5+ Qc6 11. Qe2 Nbd7 12. d4 Be7 13. Bf4 O-O 14. Nbd2
Rad8 15. Rad1 Nd5 16. Bg3 N7f6 17. Rfe1 cxd4 18. Nxd4 Qb6 19. Nc4 Qa6 20. a3
Rfe8 21. Rd2 Ne4 22. Qxe4 Qxc4 23. Qf3 Bf6 24. Red1 a5 25. h3 a4 26. Kh2 h6 27.
Nf5 exf5 28. Rxd5 Rxd5 29. Rxd5 g6 30. Rd7 b5 31. Qb7 f4 32. Rc7 fxg3+ 33. fxg3
Qe6 34. Qxb5 Be5 35. Rc6 Qe7 36. Qxa4 h5 37. h4 Bxg3+ 38. Kxg3 Qe1+ 39. Kh2 Re4
0-1

[Event "FIDE Open World Blitz 2021"]
[Site "Warsaw"]
[Date "2021.12.29"]
[Round "3.25"]
[White "Bartel, Mateusz"]
[Black "Riazantsev, Alexander"]
[Result "0-1"]
[WhiteElo "2619"]
[BlackElo "2634"]
[Annotator "ChessBase"]
[PlyCount "234"]
[EventDate "2021.12.29"]
[EventType "swiss"]
[EventCountry "POL"]
[Tiebreak "Cut1 Buchholz"]
[SourceTitle "playchess.com"]
[Source "ChessBase"]
[SourceQuality "1"]

1. e4 c6 2. Nf3 d5 3. d3 Qc7 4. Nc3 dxe4 5. Nxe4 Nd7 6. Qe2 Ngf6 7. g3 Nxe4 8.
Qxe4 Nf6 9. Qe2 Bg4 10. Bg2 e6 11. h3 Bxf3 12. Qxf3 Rd8 13. O-O Be7 14. a4 a5
15. Bd2 O-O 16. Rfe1 Qb6 17. Rab1 Rd7 18. Re5 Bb4 19. c3 Bd6 20. Re2 Qb3 21.
Bg5 Be7 22. Bxf6 Bxf6 23. d4 Qxa4 24. h4 Qb3 25. Ra1 a4 26. Qh5 Ra8 27. Be4 h6
28. Bc2 Qb5 29. Qf3 Kf8 30. Bd3 Qd5 31. Be4 Qb3 32. Ra3 Qb5 33. Bd3 Qb6 34. b4
Qd8 35. b5 Qc7 36. Rea2 c5 37. Rxa4 Rxa4 38. Rxa4 cxd4 39. c4 b6 40. Qe4 Rd8
41. Ra8 Rxa8 42. Qxa8+ Ke7 43. Kf1 h5 44. Ke2 g6 45. Kd1 Be5 46. Kc2 Bd6 47.
Kb3 Qc5 48. Kc2 Qb4 49. Qb7+ Kf6 50. Qf3+ Kg7 51. Kd1 Qc3 52. Ke2 Qc1 53. Qe4
Qb2+ 54. Kf1 Be7 55. Qe5+ Bf6 56. Qe4 Qc3 57. Kg2 Qb4 58. Qc6 Qc5 59. Qe4 Qd6
60. Kf1 Be7 61. Qb7 Bf6 62. Kg2 Qc5 63. Qe4 Qd6 64. Qb7 Bd8 65. Qe4 Be7 66. Qb7
Qd8 67. Qe4 Qd6 68. Qb7 Bf6 69. Qe4 Qc5 70. Qb7 Bd8 71. Qe4 Bc7 72. Qb7 Bd6 73.
Qe4 Qe5 74. Qc6 Bc5 75. Qf3 Qc7 76. Qe4 Qd6 77. Qf3 f5 78. Qb7+ Qe7 79. Qc6 e5
80. f3 Qa7 81. Qe6 Qc7 82. Qd5 Qe7 83. Kf1 Kf6 84. Qa8 Kg7 85. Qd5 Bd6 86. Kg2
Bc7 87. Kh3 Qd6 88. Qxd6 Bxd6 89. Kg2 Kf6 90. Kf2 Bb4 91. Ke2 Ke7 92. Bc2 Kd6
93. g4 Ke6 94. gxh5 gxh5 95. Bd3 Be7 96. c5 Bxc5 97. Bc4+ Kf6 98. Kd3 Bb4 99.
f4 Be1 100. fxe5+ Kxe5 101. Bf7 Bxh4 102. Bxh5 Bf6 103. Bf3 Kf4 104. Bd5 Kg3
105. Ke2 f4 106. Kf1 f3 107. Bc4 Kf4 108. Kf2 Bh4+ 109. Kf1 Ke3 110. Bb3 Kd2
111. Bd5 Ke3 112. Bb3 d3 113. Bd1 d2 114. Bc2 Bg3 115. Bd1 Bh4 116. Bc2 Kd4
117. Bd1 Kc3 0-1

[Event "FIDE Open World Blitz 2021"]
[Site "Warsaw"]
[Date "2021.12.29"]
[Round "3.25"]
[White "Asadli, Vugar"]
[Black "Heimann, Andreas"]
[Result "1-0"]
[WhiteElo "2386"]
[BlackElo "2584"]
[Annotator "ChessBase"]
[PlyCount "123"]
[EventDate "2021.12.29"]
[EventType "swiss"]
[EventCountry "POL"]
[Tiebreak "Cut1 Buchholz"]
[SourceTitle "playchess.com"]
[Source "ChessBase"]
[SourceQuality "1"]

1. e4 e5 2. Nf3 Nc6 3. Bc4 Nf6 4. d3 Bc5 5. O-O d6 6. c3 O-O 7. Re1 h6 8. Bb3
a5 9. Nbd2 Be6 10. Bc2 Ba7 11. Nf1 Ne7 12. Ng3 Ng6 13. d4 c6 14. h3 Re8 15. Be3
Qc7 16. Qd2 Rad8 17. Rad1 d5 18. exd5 Bxd5 19. Nh2 exd4 20. cxd4 Qd7 21. Bxh6
gxh6 22. Qxh6 Qd6 23. Bxg6 fxg6 24. Qxg6+ Kh8 25. Nh5 Rxe1+ 26. Rxe1 Nxh5 27.
Qxh5+ Kg7 28. Qg5+ Qg6 29. Re7+ Bf7 30. Rxf7+ Kxf7 31. Qxd8 Qb1+ 32. Nf1 Qxb2
33. Qd7+ Kf6 34. Qd6+ Kf7 35. Qf4+ Ke6 36. Qe4+ Kd7 37. Qf5+ Kc7 38. Qe5+ Kc8
39. Qe6+ Kc7 40. Qe7+ Kc8 41. h4 Bxd4 42. Qf8+ Kc7 43. Qf7+ Kb6 44. h5 c5 45.
h6 Ka6 46. h7 b5 47. Ne3 c4 48. Nd5 Qc1+ 49. Kh2 Qh6+ 50. Kg3 Qg5+ 51. Kf3 Qe5
52. Qg6+ Kb7 53. Qf7+ Kc6 54. Ne7+ Kc5 55. Nf5 Bb2 56. g4 Kb4 57. g5 c3 58. g6
c2 59. Qb3+ Kc5 60. Qxc2+ Kb6 61. g7 Qd5+ 62. Qe4 1-0

[Event "FIDE Open World Blitz 2021"]
[Site "Warsaw"]
[Date "2021.12.29"]
[Round "3.26"]
[White "Sargissian, Gabriel"]
[Black "Gumularz, Szymon"]
[Result "1/2-1/2"]
[WhiteElo "2664"]
[BlackElo "2396"]
[Annotator "ChessBase"]
[PlyCount "99"]
[EventDate "2021.12.29"]
[EventType "swiss"]
[EventCountry "POL"]
[Tiebreak "Cut1 Buchholz"]
[SourceTitle "playchess.com"]
[Source "ChessBase"]
[SourceQuality "1"]

1. d4 Nf6 2. c4 e6 3. Nf3 d5 4. g3 Bb4+ 5. Bd2 Be7 6. Bg2 O-O 7. O-O c6 8. Qc2
Nbd7 9. Rd1 a5 10. Nc3 dxc4 11. Ne5 Nxe5 12. dxe5 Nd5 13. Ne4 Qc7 14. Nd6 b5
15. b3 cxb3 16. axb3 Bxd6 17. exd6 Qxd6 18. e4 Nb4 19. Qc3 Rd8 20. h4 Bb7 21.
Bf1 Qd4 22. Qxd4 Rxd4 23. Bxb4 Rxd1 24. Rxd1 axb4 25. Rd7 Rb8 26. Rc7 c5 27. f3
c4 28. bxc4 bxc4 29. Bxc4 Kf8 30. Kf2 Rc8 31. Rxc8+ Bxc8 32. Ke3 e5 33. Kd3 Ke7
34. Kc2 Kd6 35. Bxf7 Kc5 36. Kb3 Bh3 37. f4 Kd4 38. fxe5 Kxe5 39. Kxb4 Kxe4 40.
Bh5 Ke3 41. Kc3 Kf2 42. Bf7 Kxg3 43. h5 Kh4 44. h6 gxh6 45. Kd2 Kg3 46. Ke1 Bg2
47. Bg8 h5 48. Bxh7 h4 49. Bf5 h3 50. Bxh3 1/2-1/2

[Event "FIDE Open World Blitz 2021"]
[Site "Warsaw"]
[Date "2021.12.29"]
[Round "3.26"]
[White "Tologontegin, Semetey"]
[Black "Kravtsiv, Martyn"]
[Result "0-1"]
[WhiteElo "2224"]
[BlackElo "2616"]
[Annotator "ChessBase"]
[PlyCount "130"]
[EventDate "2021.12.29"]
[EventType "swiss"]
[EventCountry "POL"]
[Tiebreak "Cut1 Buchholz"]
[SourceTitle "playchess.com"]
[Source "ChessBase"]
[SourceQuality "1"]

1. d4 d5 2. c4 e6 3. Nc3 Bb4 4. e3 Nf6 5. a3 Bxc3+ 6. bxc3 O-O 7. cxd5 exd5 8.
Bd3 c5 9. Ne2 b6 10. O-O Ba6 11. Ng3 Re8 12. Bb2 Bxd3 13. Qxd3 c4 14. Qc2 Nc6
15. Rae1 Ne4 16. Nh1 f5 17. f3 Nd6 18. Ng3 Qd7 19. a4 Na5 20. Ba3 Nab7 21. e4
f4 22. Ne2 dxe4 23. fxe4 Rxe4 24. Nxf4 Rxe1 25. Rxe1 Re8 26. Rxe8+ Qxe8 27. Qe2
Qxe2 28. Nxe2 Ne4 29. g4 Kf7 30. Kg2 g5 31. Kf3 Nd2+ 32. Kf2 Ke6 33. h3 Ne4+
34. Ke3 Nf6 35. Bf8 Nd8 36. Kd2 Kd5 37. Be7 Ne4+ 38. Ke3 Ne6 39. Ba3 a6 40. Be7
b5 41. axb5 axb5 42. Bb4 Nd8 43. Be7 Ne6 44. Bb4 Nf6 45. Be7 Ne8 46. Ng3 N8c7
47. Ne4 Kc6 48. Bxg5 Nd5+ 49. Kd2 b4 50. cxb4 Nxd4 51. Bh6 Nf3+ 52. Kc2 Ne1+
53. Kd2 Nd3 54. Bf8 Ne5 55. Ng5 Kb5 56. Nxh7 c3+ 57. Kc2 Kc4 58. Ng5 Ne3+ 59.
Kb1 c2+ 60. Kc1 Nd3+ 61. Kd2 c1=Q+ 62. Ke2 Qe1+ 63. Kf3 Nd5 64. Ne4 Ne5+ 65.
Kg2 Qxe4+ 0-1

[Event "FIDE Open World Blitz 2021"]
[Site "Warsaw"]
[Date "2021.12.29"]
[Round "3.27"]
[White "Vidit, Santosh Gujrathi"]
[Black "Bologan, Victor"]
[Result "1-0"]
[WhiteElo "2727"]
[BlackElo "2574"]
[Annotator "ChessBase"]
[PlyCount "63"]
[EventDate "2021.12.29"]
[EventType "swiss"]
[EventCountry "POL"]
[Tiebreak "Cut1 Buchholz"]
[SourceTitle "playchess.com"]
[Source "ChessBase"]
[SourceQuality "1"]

1. d4 Nf6 2. c4 e6 3. Nf3 b6 4. a3 Bb7 5. Bf4 d5 6. cxd5 exd5 7. Nc3 Bd6 8.
Bxd6 Qxd6 9. e3 O-O 10. Rc1 c5 11. Be2 Nbd7 12. O-O Rac8 13. Qa4 a6 14. dxc5
bxc5 15. Rfd1 Qb6 16. b4 g6 17. bxc5 Rxc5 18. Qb4 Rfc8 19. Qxb6 Nxb6 20. Rb1
Nfd7 21. Na2 Rc2 22. Nc1 R2c3 23. a4 Ra3 24. Nd4 Rxa4 25. Nd3 Ba8 26. Bg4 h5
27. Bh3 Rc7 28. g3 Kg7 29. Nf4 Rac4 30. Bf1 Ra4 31. Nde6+ fxe6 32. Nxe6+ 1-0

[Event "FIDE Open World Blitz 2021"]
[Site "Warsaw"]
[Date "2021.12.29"]
[Round "3.27"]
[White "Tari, Aryan"]
[Black "Lima, Darcy"]
[Result "1-0"]
[WhiteElo "2649"]
[BlackElo "2379"]
[Annotator "ChessBase"]
[PlyCount "51"]
[EventDate "2021.12.29"]
[EventType "swiss"]
[EventCountry "POL"]
[Tiebreak "Cut1 Buchholz"]
[SourceTitle "playchess.com"]
[Source "ChessBase"]
[SourceQuality "1"]

1. e4 e6 2. d4 d5 3. Nc3 Nf6 4. e5 Ne4 5. Nxe4 dxe4 6. Bc4 a6 7. Ne2 b5 8. Bb3
c5 9. c3 Bb7 10. O-O Qh4 11. Be3 Nd7 12. a4 Be7 13. axb5 axb5 14. Rxa8+ Bxa8
15. Qa1 O-O 16. Qa7 Rd8 17. Ra1 Bg5 18. Qc7 Bxe3 19. fxe3 c4 20. Bc2 Bd5 21.
Nf4 Ra8 22. Rxa8+ Bxa8 23. Qc8+ Nf8 24. g3 Qg4 25. Qxa8 g5 26. Ng2 1-0

[Event "FIDE Open World Blitz 2021"]
[Site "Warsaw"]
[Date "2021.12.29"]
[Round "3.28"]
[White "Matlakov, Maxim"]
[Black "Teclaf, Pawel"]
[Result "1-0"]
[WhiteElo "2614"]
[BlackElo "2543"]
[Annotator "ChessBase"]
[PlyCount "63"]
[EventDate "2021.12.29"]
[EventType "swiss"]
[EventCountry "POL"]
[Tiebreak "Cut1 Buchholz"]
[SourceTitle "playchess.com"]
[Source "ChessBase"]
[SourceQuality "1"]

1. d4 e6 2. e4 d5 3. exd5 exd5 4. Nf3 Nf6 5. Bd3 Bd6 6. O-O O-O 7. Bg5 h6 8.
Bh4 Bg4 9. Nbd2 Nbd7 10. c4 c6 11. c5 Bf4 12. Qc2 b6 13. b4 Qc7 14. h3 Be6 15.
Bxf6 Nxf6 16. Rfe1 a5 17. a3 Rfb8 18. Bf5 Bxf5 19. Qxf5 Bxd2 20. Nxd2 axb4 21.
axb4 Rxa1 22. Rxa1 bxc5 23. bxc5 Qe7 24. Nf3 Qb7 25. Ne5 Ne4 26. Kh2 f6 27.
Qe6+ Kh7 28. Nxc6 Qc7+ 29. Kg1 Qf4 30. Rf1 Rb2 31. Ne7 h5 32. Qg8+ 1-0

[Event "FIDE Open World Blitz 2021"]
[Site "Warsaw"]
[Date "2021.12.29"]
[Round "3.28"]
[White "Gajewski, Grzegorz"]
[Black "Nevednichy, Vladislav"]
[Result "1-0"]
[WhiteElo "2589"]
[BlackElo "2379"]
[Annotator "ChessBase"]
[PlyCount "109"]
[EventDate "2021.12.29"]
[EventType "swiss"]
[EventCountry "POL"]
[Tiebreak "Cut1 Buchholz"]
[SourceTitle "playchess.com"]
[Source "ChessBase"]
[SourceQuality "1"]

1. Nf3 g6 2. c4 Bg7 3. Nc3 d6 4. d4 Nf6 5. e4 O-O 6. Be2 c5 7. O-O Nc6 8. d5
Na5 9. Bd2 e5 10. a3 b6 11. b4 Nb7 12. Qc2 Ne8 13. Rfb1 f5 14. h3 Bd7 15. Rb2
Qe7 16. Qd3 f4 17. Bd1 g5 18. Ba4 Bxa4 19. Nxa4 Rc8 20. bxc5 dxc5 21. Nc3 Ned6
22. Nb5 Nxb5 23. Rxb5 Nd6 24. Rbb1 h5 25. h4 gxh4 26. Kf1 Bf6 27. Ng1 Rf7 28.
a4 Rg7 29. a5 b5 30. cxb5 c4 31. Qf3 Qd7 32. b6 a6 33. Bb4 Nb5 34. Ne2 Qg4 35.
Nc3 Qxf3 36. gxf3 Nd4 37. Bd6 Rb7 38. Na4 Nxf3 39. Nc5 Rxc5 40. Bxc5 Nd2+ 41.
Ke2 Nxe4 42. Bb4 Kf7 43. Rc1 c3 44. Bxc3 Nd6 45. Bb4 Nb5 46. d6 Ke6 47. Rc7 Rb8
48. d7 Bd8 49. Rc8 Rb7 50. Rxd8 Nd4+ 51. Kd3 Nc6 52. Rc8 Kxd7 53. Rxc6 Kxc6 54.
Ke4 Kb5 55. Bc3 1-0